00349nam a22000977a 4500082001200000100002300012245010500035260004100140650002200181700004800203 a200 THE aMajor Ahmad Shuja  aTH-SOF-1254-Analyzing The Impact of Emotional Intelligence Competencies on Organizational Commitment aIslamabadbNUST College of EMEc2016 a MS-EM-8 MSTHESIS aSupervisor Ch BRIG DR MUHAMMAD TAHIR NAWAZ